| 000 | 01039nam a2200229Ia 4500 | ||
|---|---|---|---|
| 999 |
_c52488 _d52488 |
||
| 001 | 19511 | ||
| 003 | GE_BSU | ||
| 005 | 20240118163243.0 | ||
| 008 | 181216s1963||||ge |||||||||||||| ||geo|| | ||
| 040 | _cGE_BSU | ||
| 041 | _ageo | ||
| 080 | _a811.353.1'01'367 კ-49 | ||
| 100 |
_aკიზირია, ანტონ _97225 |
||
| 245 |
_aმარტივი წინადადების შედგენილობა ძველ ქართულში / _cანტონ კიზირია; რედ.: ივ.გიგინეიშვილი. |
||
| 264 |
_aთბილისი: _bსაქ. მეცნ. აკად. გამ-ბა, _c1963. |
||
| 300 |
_a335 გვ.; _b22 სმ. |
||
| 504 | _a ბიბლიოგრაფია შენიშვნებში. | ||
| 541 | _h2ლ.88თ. | ||
| 653 | _aმარტივი წინადადების შედგენილობა ძველ ქართულში | ||
| 653 | _aქართული ენა | ||
| 942 |
_cBK _2udc |
||